Maqalat ul Kausari/ (Record no. 94231)
[ view plain ]
| 000 -LEADER | |
|---|---|
| fixed length control field | 00406nam a22001457a 4500 |
| 005 - DATE AND TIME OF LATEST TRANSACTION | |
| control field | 20180312124436.0 |
| 008 - FIXED-LENGTH DATA ELEMENTS--GENERAL INFORMATION | |
| fixed length control field | 170601b xxu||||| |||| 00| 0 eng d |
| 040 ## - CATALOGING SOURCE | |
| Transcribing agency | PK-LaUMT |
| 082 ## - DEWEY DECIMAL CLASSIFICATION NUMBER | |
| Classification number | ZIAC 297.04 |
| Item number | MUH-M |
| 100 ## - MAIN ENTRY--PERSONAL NAME | |
| Personal name | Muhammad Zahid Al Kaosari |
| 245 ## - TITLE STATEMENT | |
| Title | Maqalat ul Kausari/ |
| Statement of responsibility, etc | Muhammad Zahid Al Kausari |
| 260 ## - PUBLICATION, DISTRIBUTION, ETC. (IMPRINT) | |
| Place of publication, distribution, etc | قاھرہ: |
| Name of publisher, distributor, etc | مطبعۃ الانوار، |
| Date of publication, distribution, etc | [ ] |
| 300 ## - PHYSICAL DESCRIPTION | |
| Extent | 594 ص |
| 942 ## - ADDED ENTRY ELEMENTS (KOHA) | |
| Koha item type | Books |
| Withdrawn status | Lost status | Damaged status | Home library | Current library | Date acquired | Full call number | Barcode | Date last seen | Price effective from | Koha item type |
|---|---|---|---|---|---|---|---|---|---|---|
| UMT Main Campus | UMT Main Campus | 2017-06-01 | ZIAC 297.04 MUH-M | 109816 | 2017-06-01 | 2017-06-01 | Books |
